¿Adónde va el capitalismo? (Registro nro. 3716)
[ vista simple ]
| 000 -LEADER | |
|---|---|
| fixed length control field | 00887 a2200313 4500 |
| 001 - CONTROL NUMBER | |
| control field | 43797 |
| 005 - DATE AND TIME OF LATEST TRANSACTION | |
| control field | 20260407155718.0 |
| 008 - FIXED-LENGTH DATA ELEMENTS--GENERAL INFORMATION | |
| fixed length control field | 260407a1970 arg spa d |
| 003 - CONTROL NUMBER IDENTIFIER | |
| control field | AR-UNSa-BCEJYS |
| 040 ## - CATALOGING SOURCE | |
| Original cataloging agency | AR-UNSa-BCEJYS |
| Language of cataloging | spa |
| Transcribing agency | AR-UNSa-BCEJYS |
| 080 ## - UNIVERSAL DECIMAL CLASSIFICATION NUMBER | |
| Universal Decimal Classification number | 330.342.14 |
| Common auxiliary subdivision | Economía capitalista |
| 041 ## - LANGUAGE CODE | |
| Language code of text/sound track or separate title | spa |
| 100 1# - MAIN ENTRY--PERSONAL NAME | |
| Personal name | Capdevila, Martin |
| 245 10 - TITLE STATEMENT | |
| Title | ¿Adónde va el capitalismo? |
| 250 ## - EDITION STATEMENT | |
| Edition statement | 3a. ed. |
| 264 #1 - PRODUCTION, PUBLICATION, DISTRIBUTION, MANUFACTURE, AND COPYRIGHT NOTICE | |
| Place of production, publication, distribution, manufacture | Barcelona : |
| Name of producer, publisher, distributor, manufacturer | Oikos-tau |
| Date of production, publication, distribution, manufacture, or copyright notice | 1970 |
| 300 ## - PHYSICAL DESCRIPTION | |
| Extent | 167 p. |
| Dimensions | 21 cm. |
| 505 ## - FORMATTED CONTENTS NOTE | |
| Formatted contents note | 1. ¿Ha cambiado el capitalismo? / Shigeto Tsuru - 2. |
| 590 ## - LOCAL NOTE (RLIN) | |
| Local note | niveau_biblio:m niveau_hierar:0 |
| 700 1# - ADDED ENTRY--PERSONAL NAME | |
| Personal name | Strachey, John |
| 700 1# - ADDED ENTRY--PERSONAL NAME | |
| Personal name | Tsuru, Shigeto |
| 700 1# - ADDED ENTRY--PERSONAL NAME | |
| Personal name | Sweezy, Paul M. |
| 700 1# - ADDED ENTRY--PERSONAL NAME | |
| Personal name | Bettelheim, Charles O. |
| 700 1# - ADDED ENTRY--PERSONAL NAME | |
| Personal name | Kronrod, Yakov A. |
| 700 1# - ADDED ENTRY--PERSONAL NAME | |
| Personal name | Dobb, Maurice |
| 700 1# - ADDED ENTRY--PERSONAL NAME | |
| Personal name | Baran, Paul A. |
| 700 1# - ADDED ENTRY--PERSONAL NAME | |
| Personal name | Galbraith, John Kenneth |
| 942 ## - ADDED ENTRY ELEMENTS (KOHA) | |
| Koha item type | |
| Withdrawn status | Lost status | Damaged status | Not for loan | Home library | Current library | Shelving location | Date acquired | Total checkouts | Full call number | Barcode | Date last seen | Price effective from | Koha item type |
|---|---|---|---|---|---|---|---|---|---|---|---|---|---|
| Biblioteca Prof. Eusebio Cleto del Rey | Biblioteca Prof. Eusebio Cleto del Rey | 07/04/2026 | 330.342.14 T877 3ed. | L26738 | 07/04/2026 | 07/04/2026 | Libro | ||||||
| Biblioteca Prof. Eusebio Cleto del Rey | Biblioteca Prof. Eusebio Cleto del Rey | 07/04/2026 | 330.342.14 T877 3ed. | L26381 | 07/04/2026 | 07/04/2026 | Libro | ||||||
| Biblioteca Prof. Eusebio Cleto del Rey | Biblioteca Prof. Eusebio Cleto del Rey | 07/04/2026 | 330.342.14 T877 3ed. | L26383 | 07/04/2026 | 07/04/2026 | Libro | ||||||
| Biblioteca Prof. Eusebio Cleto del Rey | Biblioteca Prof. Eusebio Cleto del Rey | 07/04/2026 | 330.342.14 T877 3ed. | L26382 | 07/04/2026 | 07/04/2026 | Libro |